000 00700nam a22002172 4500
001 0000000054
005 20151217154324.0
008 070109s xx 000 0 eng d
020 _cKES 3,000
040 _aKABU
_cKABU
245 1 0 _aIntroducing psychological research :
_bseventy studies that shape psychology /
_cedited by Philip Banyard and Andrew Grayson.
250 _a2nd ed.
260 _aBasingstoke :
_bPalgrave,
_c2000.
300 _axxvi, 531 p.
650 0 _aPsychology
_xResearch.
_@0000148032
700 1 _aBanyard, Philip.
_@0000148033
700 1 _aGrayson, Andrew.
_@0000148034
908 _a070109
950 _@1
999 _c10465
_d10465